000 00588nam a2200181Ia 4500
008 230718s9999 xx 000 0 und d
020 _a9780230617506
041 _aeng
082 _a813.54
_bFIS
100 _aFisher J.B.
_9173798
245 _aWhen Money Was In Fashion
_bHenry Goldman, Goldman Sachs, And The Founding Of Wall Street
250 _aHardcover; 2010-04-27
260 _c2010
_bPalgrave Macmillan
300 _a278
_c6.4x9.2x1.1; 0.8 lb; 288 pages
365 _cRs.
_b995.00
700 _aFisher J.B.
_9173798
906 _dO:0092015-Jul-2010B:437208-Jul-2010
_cGENRL
_b199
999 _c325164
_d325164